| 000 | 01638cam a22001934a 4500 | ||
|---|---|---|---|
| 005 | 20250605164203.0 | ||
| 008 | 250528s ||||||||||||||||||||||||d | ||
| 035 | _a19827 | ||
| 040 |
_aGR-AtMCL _bgre _dGR-AtMCL _eAACR2 |
||
| 245 | 1 | _aΗ Αγοραστική Συμπεριφορά του Καταναλωτή / Σημειώσεις | |
| 260 | _c1991 | ||
| 300 | _a110 | ||
| 505 | 0 | _aΒασικές Έννοιες της Αγοραστικής Συμπεριφοράς του Καταναλωτή, Προσδιοριστικοί Παράγοντες της Αγοραστικής Συμπεριφοράς του Καταναλωτή, Κατηγορίες Αγοραστικών Αποφάσεων του Καταναλωτή, Διαφήμιση και Αγοραστική Συμπεριφορά του Καταναλωτή, Αξιολόγηση του Προιόντος από Μέρους του Καταναλωτή, Αναφορές. | |
| 520 | _aΒασικές Έννοιες της Αγοραστικής Συμπεριφοράς του Καταναλωτή, Προσδιοριστικοί Παράγοντες της Αγοραστικής Συμπεριφοράς του Καταναλωτή, Κατηγορίες Αγοραστικών Αποφάσεων του Καταναλωτή, Διαφήμιση και Αγοραστική Συμπεριφορά του Καταναλωτή, Αξιολόγηση του Προιόντος από Μέρους του Καταναλωτή, Αναφορές. | ||
| 700 | 1 |
_aΠαπαβασιλειος Νικόλαος Κ _95998 |
|
| 942 | _cBK | ||
| 999 |
_c5074 _d5074 |
||